Electoral justice in Zambia: resolving disputes from the 2016 elections and emerging jurisprudence (Record no. 75781)

MARC details
000 -LEADER
fixed length control field 00905nam a2200193 a 4500
008 - FIXED-LENGTH DATA ELEMENTS--GENERAL INFORMATION
fixed length control field 170815s2017 ||||||||||||||||| || u
020 ## - INTERNATIONAL STANDARD BOOK NUMBER
International Standard Book Number 978-1-920446-66-6
050 ## - LIBRARY OF CONGRESS CALL NUMBER
Classification number ZAM K3293 ELE
245 00 - TITLE STATEMENT
Title Electoral justice in Zambia: resolving disputes from the 2016 elections and emerging jurisprudence
Statement of responsibility, etc. by Electoral Institute for Sustainable Democracy in Africa (EISA)
260 ## - PUBLICATION, DISTRIBUTION, ETC.
Place of publication, distribution, etc. Johannesburg
Name of publisher, distributor, etc. Corpnet
Date of publication, distribution, etc. 2017
300 ## - PHYSICAL DESCRIPTION
Extent viiii,76p.:ill.
650 ## - SUBJECT ADDED ENTRY--TOPICAL TERM
Topical term or geographic name entry element ELECTIONS--ZAMBIA
650 ## - SUBJECT ADDED ENTRY--TOPICAL TERM
Topical term or geographic name entry element ELECTION LAW
650 ## - SUBJECT ADDED ENTRY--TOPICAL TERM
Topical term or geographic name entry element ELECTION PETITIONS--ZAMBIA
650 ## - SUBJECT ADDED ENTRY--TOPICAL TERM
Topical term or geographic name entry element CONTESTED ELECTIONS--ZAMBIA
650 ## - SUBJECT ADDED ENTRY--TOPICAL TERM
Topical term or geographic name entry element ELECTIONS DISPUTES--ZAMBIA
995 ## -
-- SPECIAL COLLECTIONS
-- 747729
-- CBU-MAIN LIBRARY (Kitwe)
-- ZAM K3293 ELE
-- 2
-- AVAILABLE
-- Aug 15, 2017
-- B3375
-- Zambiana Collection
995 ## -
-- SPECIAL COLLECTIONS
-- 747728
-- CBU-MAIN LIBRARY (Kitwe)
-- ZAM K3293 ELE
-- 1
-- AVAILABLE
-- Aug 15, 2017
-- B3374
-- Zambiana Collection
999 ## -
-- 75781
-- 75781
Holdings
Withdrawn status Lost status Source of classification or shelving scheme Damaged status Not for loan Permanent Location Current Location Shelving location Date acquired Total Checkouts Full call number Barcode Date last seen Copy number Price effective from Koha item type
          CBU-MAIN LIBRARY, KITWE. CBU-MAIN LIBRARY, KITWE.   04/24/2023   ZAM K3293 ELE B3375 04/24/2023 1 04/24/2023 SPECIAL COLLECTION
          CBU-MAIN LIBRARY, KITWE. CBU-MAIN LIBRARY, KITWE.   04/24/2023   ZAM K3293 ELE B3374 04/24/2023 2 04/24/2023 SPECIAL COLLECTION